000 00948cam a2200289 a 4500
001 3285
005 20240223113707.0
020 _a9780142302019
040 _aDLC
_cDLC
_dDLC
_beng
050 0 0 _aPZ7.T369453
_b 2000
082 0 0 _a246
100 1 _aThomas, Shelley Moore
245 1 0 _aGood night, Good Knight /
_cby Thomas, Sheeley Moore ; pictures by Plecas, Jennifer
260 _aNew York :
_bPenguin Group,
_c2000
300 _a47 pages :
_bcolor illustrations ;
_c24 cm.
490 _aPenguin young readers
_vLevel 2
505 _aG
520 _aA Good Knight helps three little dragons who are having trouble getting to sleep.
521 _a410
_bLexile
521 _aG
_bRaz-Plus
650 1 _aKnights and knighthood
_vFiction.
650 1 _aDragons
_vFiction.
650 1 _aBedtime
_vFiction.
700 1 _aPlecas, Jennifer
_eillustrator
906 _a7
_bcbc
_corignew
_d1
_eocip
_f19
_gy-gencatlg
942 _2ddc
_cBK
_n0
999 _c3285
_d3285